University Home | Library Home | Institutional Repository

Geograhia Polonica (Record no. 8959)

MARC details
000 -LEADER
fixed length control field 00328cas a2200145 4500
008 - FIXED-LENGTH DATA ELEMENTS--GENERAL INFORMATION
fixed length control field 091209n eng u
022 ## - INTERNATIONAL STANDARD SERIAL NUMBER
International Standard Serial Number 0016-7282
035 ## - SYSTEM CONTROL NUMBER
System control number (Sirsi) a167951
050 ## - LIBRARY OF CONGRESS CALL NUMBER
Classification number G1.G4R6
245 ## - TITLE STATEMENT
Title Geograhia Polonica
260 ## - PUBLICATION, DISTRIBUTION, ETC.
Place of publication, distribution, etc. Warsaw:
Name of publisher, distributor, etc. Institute of Geography
310 ## - CURRENT PUBLICATION FREQUENCY
Current publication frequency Irreg
362 ## - DATES OF PUBLICATION AND/OR SEQUENTIAL DESIGNATION
Dates of publication and/or sequential designation
520 ## - SUMMARY, ETC.
Summary, etc.
Holdings
Withdrawn status Lost status Source of classification or shelving scheme Damaged status Not for loan Home library Current library Shelving location Total Checkouts Full call number Barcode Date last seen Copy number Price effective from Koha item type
    Library of Congress Classification     Main Library Main Library Serials   G1.G4R6 0016-7282 08/12/2019 1 08/12/2019 Periodical
© 2026 - The University of Zambia Library - Koha v25.11